| 000 | 00488pab a2200181 454500 | ||
|---|---|---|---|
| 008 | 180718b2013 xxu||||| |||| 00| 0 eng d | ||
| 100 | _aHaji-Kazemi, Sara | ||
| 245 | _aA review on possible approaches for detecting early warning sign for project | ||
| 260 | _c2013 | ||
| 300 | _ap.55-69. | ||
| 362 | _aOct | ||
| 650 | _aProject management | ||
| 700 | _aKrane, Hans Petter | ||
| 700 | _aAndersen, Bjorn | ||
| 773 | _aProject Management Journal | ||
| 908 | _aN | ||
| 909 | _a101758 | ||
| 999 |
_c101756 _d101756 |
||